000 00262nam a2200097Ia 4500
005 20250424112903.0
008 250424s9999 xx 000 0 und d
300 _a164 p. :ill. ; 20 cm.
650 _aAfrica--History--1884-1960. Africa--History--1960-
942 _cSR
999 _c37709
_d37709